000 00417 a2200133 4500
001 ART_11831
005 20260410161900.0
008 260409a
245 1 0 _aReplacing the U.S. income tax with a progressive consumption tax
100 1 _aFullerton, Don
700 1 _aShoven, John B.
700 1 _aWhalley, John
773 0 _tJournal of public economics
_g- Vol. 20, NÂș 1 (feb. 1983)
_wREV11485
999 _c25877
_d25877